000 00476nam a22001697a 4500
999 _c60554
_d60554
005 20230824122418.0
008 230822s1983 gw ||||| |||| 00| 0 ger d
020 _a3517006610
041 _ager
080 _a902/904 F-26
100 _aFasani, Leone
_919696
245 _aDie illustrierte Weltgeschichte der Archäologie /
_cLeone Fasani.
264 _aMunchen,
_c1983.
300 _a691 p. :
_bill.;
_c28 cm.
653 _aარქეოლოგია
942 _2udc
_cBK